| 000 | 004900000a22001810004500 | ||
|---|---|---|---|
| 001 | 002043 | ||
| 003 | MACL | ||
| 005 | 20150823160025.0 | ||
| 008 | 150823b xxu||||| |||| 00| 0 eng d | ||
| 040 |
_aMACL _cMACL |
||
| 041 | _aEnglish | ||
| 082 | _a658.787/MAC | ||
| 100 |
_aMachiraju, H.R _97182 |
||
| 245 |
_aThe Working of Stock Exchanges In India _cH.R Machiraju |
||
| 260 |
_aNew Delhi _c2000 _bNew Age International Publishers, |
||
| 650 |
_aManagement _97183 |
||
| 942 |
_k659 _cBK _2ddc |
||
| 999 |
_c13959 _d13959 |
||